<?xml version="1.0" encoding="UTF-8"?><?xml-stylesheet type="text/xsl" href="static/style.xsl"?><OAI-PMH xmlns="http://www.openarchives.org/OAI/2.0/" xmlns:xsi="http://www.w3.org/2001/XMLSchema-instance" xsi:schemaLocation="http://www.openarchives.org/OAI/2.0/ http://www.openarchives.org/OAI/2.0/OAI-PMH.xsd"><responseDate>2026-04-14T02:25:34Z</responseDate><request verb="GetRecord" identifier="oai:www.recercat.cat:20.500.12327/974" metadataPrefix="marc">https://recercat.cat/oai/request</request><GetRecord><record><header><identifier>oai:recercat.cat:20.500.12327/974</identifier><datestamp>2025-10-22T11:12:20Z</datestamp><setSpec>com_2072_4428</setSpec><setSpec>com_2072_4427</setSpec><setSpec>col_2072_487898</setSpec></header><metadata><record xmlns="http://www.loc.gov/MARC21/slim" xmlns:dcterms="http://purl.org/dc/terms/" xmlns:xsi="http://www.w3.org/2001/XMLSchema-instance" xmlns:doc="http://www.lyncode.com/xoai" xsi:schemaLocation="http://www.loc.gov/MARC21/slim http://www.loc.gov/standards/marcxml/schema/MARC21slim.xsd">
   <leader>00925njm 22002777a 4500</leader>
   <datafield ind2=" " ind1=" " tag="042">
      <subfield code="a">dc</subfield>
   </datafield>
   <datafield ind2=" " ind1=" " tag="720">
      <subfield code="a">Boukid, Fatma</subfield>
      <subfield code="e">author</subfield>
   </datafield>
   <datafield ind2=" " ind1=" " tag="260">
      <subfield code="c">2020-10-14</subfield>
   </datafield>
   <datafield ind2=" " ind1=" " tag="520">
      <subfield code="a">Meat analogues are gradually moving from niche to mainstream products. These products are gaining popularity due to surging consumer demand for plant-based products as “better for you” and “better for the planet” alternatives. In this frame, this review aimed to provide the current and forthcoming challenges for meat analogues industry by addressing their market growth drivers, formulation, the pros and cons of conventional and innovative processing, safety and healthiness as well as consumers’ perception and acceptance. Despite the significant improvements made in the flavor and texture of plant-based meat analogues, food industries still have difficulties in delivering the right sensory experience and there is increased request for sustainable, nutritious and clean label ingredients. For shaping the future of plant-based meat analogues, the main driver is sustainable nutrition through prompting further improvements in formulation [by enhancing proteins functionally (pre/post-processing) and healthiness (blending plant proteins with tailored nutritional makeup and reducing salt contents)] and processing [by finding solutions to their “processed” and “ultra-processed” nature]. In the future, meat analogue companies will keep pushing the boundaries to mimic meat experience (by improving taste and healthiness) as well as reduce product price and increase product convenience.</subfield>
   </datafield>
   <datafield ind1="8" ind2=" " tag="024">
      <subfield code="a">Boukid, Fatma. 2020. "Plant-Based Meat Analogues: From Niche To Mainstream". European Food Research And Technology. doi:10.1007/s00217-020-03630-9.</subfield>
   </datafield>
   <datafield ind1="8" ind2=" " tag="024">
      <subfield code="a">1438-2377</subfield>
   </datafield>
   <datafield ind1="8" ind2=" " tag="024">
      <subfield code="a">http://hdl.handle.net/20.500.12327/974</subfield>
   </datafield>
   <datafield ind1="8" ind2=" " tag="024">
      <subfield code="a">https://doi.org/10.1007/s00217-020-03630-9</subfield>
   </datafield>
   <datafield ind2="0" ind1="0" tag="245">
      <subfield code="a">Plant-based meat analogues: From niche to mainstream</subfield>
   </datafield>
</record></metadata></record></GetRecord></OAI-PMH>